000 00603nam a2200229Ia 4500
003 OSt
005 20220918181339.0
006 a|||||r|||| 00| 0
007 ta
008 220917b |||||||| |||| 00| 0 eng d
024 _a26,840
037 _cTextual
040 _aARTS
_cARTS
_beng
041 _2eng
_aeng
082 _aO111,2J64,2M:g, K0
100 _aSud R K
_958436
245 0 _aMacbeath
_b a study in self appraisal and self betrayal
260 _c1960
650 _aENGLISH LITERATURE
942 _hO111,2J64,2M:g, K0
_cTEXL
_2CC
999 _c165360
_d165360